000 00399nam a2200169Ia 4500
005 20250423094906.0
008 250422s9999 xx 000 0 und d
020 _a9789385114588
050 _aKL 131 .M3/
100 _aShukla, Namrata.
245 0 _aContracts, tenders and agreements
260 _aNew delhi
260 _bKamal publishers
260 _c2018
300 _a528 p
942 _cBK
999 _c28610
_d28610